| 000 | 00329nam a2200121Ia 4500 | ||
|---|---|---|---|
| 008 | 190216s9999||||xx |||||||||||||| ||und|| | ||
| 100 | _aDevassy C P 
 Thomas S L 
 Seetharam K S | ||
| 245 | 0 | _aSubisdiary Physics | |
| 260 |
_bThe National Publishing Company _c1967 |
||
| 300 | _a300 p | ||
| 650 | _aPhysics | ||
| 942 | _cBK | ||
| 999 |
_c32795 _d32795 |
||